| 000 | 00469nam a22001457a 4500 | ||
|---|---|---|---|
| 020 | _qPB. | ||
| 040 | _cFizza Ishaq | ||
| 082 |
_a329.02 _bEVE |
||
| 100 |
_aJr, Ladd C Everett. _9133812 |
||
| 245 |
_aTransformations of the American Party System : Political Coalitions from the New Deal to the 1970's / _cEverett C. Ladd Jr. |
||
| 250 | _a1st Ed. | ||
| 260 |
_aNew York ; _bW. W. Norton & Company, _c1975. |
||
| 300 |
_a371 p. ; _c8.2x5.4x1 inches |
||
| 942 |
_2ddc _cBK |
||
| 999 |
_c616780 _d616780 |
||